000 00615nam a22001817a 4500
005 20231124101320.0
008 231124b |||||||| |||| 00| 0 eng d
020 _a0702123447
041 _aEnglish
082 _a340.9 FOR
100 _aForsyth, CF
_lEnglish
245 _aPrivate International Law :
_bThe Modern Roman-Dutch Law Including the Jurisdiction of the Supreme Court /
_cCF Forsyth
250 _aSecond Edition
260 _aCape Town :
_bJuta and Company Ltd,
_c1990
300 _bxlv, 401 pages ;
_c25,5 cm.
650 _aLegal practice
_bLaw
942 _cBK
_6ALISON_BN_VRIES
999 _c937
_d937